| 000 | 00501 a2200145 4500 | ||
|---|---|---|---|
| 003 | NUST | ||
| 005 | 20230131182912.0 | ||
| 040 | _cNust | ||
| 082 | _a942,SEL | ||
| 245 |
_aSelection from the poems of john keats and percy bysshe shelley / _cEdited by Richard Wilsons. Litt |
||
| 260 |
_anew yourk _bE.P.Dutton and Company _c1932 |
||
| 300 | _a256 p; | ||
| 505 | _aIntroduction (Page-5), Selection From Keat’s Poems (Page-22), Selections From Shelley’s Poems (Page-103). | ||
| 942 |
_2ddc _cBK _k942,SEL |
||
| 999 |
_c194118 _d194118 |
||